| 000 | 01036ngm a22003970a 4500 | ||
|---|---|---|---|
| 001 | PT41378 | ||
| 003 | AR-LpoUNG | ||
| 005 | 20210201232329.0 | ||
| 007 | co ||u|||uuuuu | ||
| 008 | 191001s2007||||ag |||||||||||||||||spa d | ||
| 020 |
_a9789500428880 _c$13.60 |
||
| 040 |
_aAR-LpoUNG _bspa _cAR-LpoUNG _eaacr |
||
| 041 | _aspa | ||
| 044 | _aag | ||
| 082 | 0 | _a982.061 195vid | |
| 100 | 1 | _aHalperín Donghi, Tulio | |
| 245 | 1 | 0 |
_aVida y muerte de la república verdadera : _b1910 - 1930 |
| 250 | _a1§ edición | ||
| 260 |
_aBuenos Aires : _bEmecé, _c2007. |
||
| 650 | 4 | _aANALISIS HISTORICO | |
| 650 | 4 | _aARGENTINA | |
| 650 | 4 | _aASPECTOS POLITICOS | |
| 650 | 4 | _aCONFLICTOS POLITICOS | |
| 650 | 4 | _aCONFLICTOS SOCIALES | |
| 650 | 4 | _aCRISIS SOCIAL | |
| 650 | 4 | _aDEMOCRACIA | |
| 650 | 4 | _aDESARROLLO POLITICO | |
| 650 | 4 | _aFUERZAS ARMADAS | |
| 650 | 4 | _aHISTORIA | |
| 650 | 4 | _aIGLESIA CATOLICA | |
| 650 | 4 | _aPOLITICA NACIONAL | |
| 650 | 4 | _aSOCIALISMO | |
| 651 | 4 | _aArgentina | |
| 905 | _a41378 | ||
| 942 | _cCDDVD | ||
| 999 |
_c53386 _d53386 |
||